Gminy województwa śląskiego na mapie - Statystyki

Ogólne statystyki
  • Ten quiz został rozwiązany 349 razy
  • Średni wynik to 86 z 167
Odpowiedzi na mapie
Odpowiedzi zakodowano w zielono-czerwonej skali na mapie do tego quizu, zgodnie z poniższymi procentami.
 
Statystyki odpowiedzi
Powiat Typ gminy Gmina % Poprawnych
miasta na prawach powiatu miejska m. Katowice
96%
miasta na prawach powiatu miejska m. Częstochowa
95%
miasta na prawach powiatu miejska m. Dąbrowa Górnicza
95%
miasta na prawach powiatu miejska m. Gliwice
94%
miasta na prawach powiatu miejska m. Bytom
93%
miasta na prawach powiatu miejska m. Chorzów
93%
miasta na prawach powiatu miejska m. Rybnik
93%
miasta na prawach powiatu miejska m. Zabrze
93%
miasta na prawach powiatu miejska m. Bielsko-Biała
92%
miasta na prawach powiatu miejska m. Ruda Śląska
92%
miasta na prawach powiatu miejska m. Tychy
92%
miasta na prawach powiatu miejska m. Siemianowice Śląskie
91%
miasta na prawach powiatu miejska m. Sosnowiec
91%
żywiecki miejska Żywiec
91%
miasta na prawach powiatu miejska m. Mysłowice
90%
miasta na prawach powiatu miejska m. Świętochłowice
90%
pszczyński miejsko-wiejska Pszczyna
90%
cieszyński miejska Cieszyn
89%
będziński miejska Będzin
88%
miasta na prawach powiatu miejska m. Jaworzno
88%
miasta na prawach powiatu miejska m. Piekary Śląskie
88%
mikołowski miejska Mikołów
87%
miasta na prawach powiatu miejska m. Żory
86%
raciborski miejska Racibórz
85%
cieszyński miejska Wisła
85%
tarnogórski miejska Tarnowskie Góry
84%
wodzisławski miejska Wodzisław Śląski
84%
zawierciański miejska Zawiercie
84%
myszkowski miejska Myszków
83%
bieruńsko-lędziński miejska Bieruń
82%
lubliniecki miejska Lubliniec
82%
miasta na prawach powiatu miejska m. Jastrzębie-Zdrój
81%
cieszyński miejska Ustroń
81%
kłobucki miejsko-wiejska Kłobuck
80%
bielski miejska Szczyrk
80%
bielski miejsko-wiejska Czechowice-Dziedzice
79%
bieruńsko-lędziński miejska Lędziny
79%
będziński miejska Czeladź
73%
cieszyński miejsko-wiejska Skoczów
72%
częstochowski miejsko-wiejska Olsztyn
69%
cieszyński wiejska Istebna
68%
rybnicki miejsko-wiejska Czerwionka-Leszczyny
66%
będziński miejsko-wiejska Siewierz
63%
raciborski miejsko-wiejska Kuźnia Raciborska
62%
żywiecki wiejska Węgierska Górka
62%
tarnogórski miejska Miasteczko Śląskie
61%
pszczyński wiejska Goczałkowice-Zdrój
60%
bieruńsko-lędziński miejska Imielin
60%
częstochowski miejsko-wiejska Koniecpol
60%
myszkowski miejsko-wiejska Koziegłowy
60%
mikołowski miejska Orzesze
60%
bielski miejsko-wiejska Wilamowice
60%
mikołowski miejska Łaziska Górne
59%
zawierciański miejsko-wiejska Ogrodzieniec
59%
gliwicki miejska Knurów
58%
wodzisławski miejska Radlin
57%
zawierciański miejsko-wiejska Szczekociny
57%
żywiecki wiejska Milówka
56%
gliwicki miejska Pyskowice
55%
tarnogórski miejska Radzionków
55%
gliwicki miejsko-wiejska Sośnicowice
55%
pszczyński wiejska Kobiór
54%
będziński miejska Sławków
54%
cieszyński miejsko-wiejska Strumień
54%
żywiecki wiejska Rajcza
53%
wodzisławski miejska Rydułtowy
53%
częstochowski miejsko-wiejska Blachownia
52%
cieszyński wiejska Brenna
52%
zawierciański miejska Poręba
52%
lubliniecki miejsko-wiejska Woźniki
52%
żywiecki wiejska Ujsoły
51%
zawierciański miejsko-wiejska Łazy
50%
bielski wiejska Kozy
49%
gliwicki miejsko-wiejska Toszek
49%
mikołowski wiejska Wyry
49%
bieruńsko-lędziński wiejska Chełm Śląski
48%
zawierciański miejsko-wiejska Pilica
48%
mikołowski wiejska Ornontowice
47%
żywiecki wiejska Jeleśnia
46%
myszkowski miejsko-wiejska Żarki
46%
tarnogórski miejska Kalety
45%
żywiecki wiejska Łodygowice
45%
będziński miejska Wojkowice
45%
bielski wiejska Bestwina
44%
raciborski miejsko-wiejska Krzanowice
44%
bielski wiejska Wilkowice
44%
cieszyński wiejska Zebrzydowice
44%
bielski wiejska Jaworze
43%
raciborski wiejska Nędza
43%
pszczyński wiejska Pawłowice
43%
gliwicki wiejska Gierałtowice
42%
wodzisławski miejska Pszów
42%
bielski wiejska Buczkowice
41%
bielski wiejska Jasienica
41%
raciborski wiejska Rudnik
41%
gliwicki wiejska Wielowieś
41%
żywiecki wiejska Radziechowy-Wieprz
40%
żywiecki wiejska Ślemień
40%
tarnogórski wiejska Tworóg
40%
żywiecki wiejska Lipowa
39%
bielski wiejska Porąbka
39%
pszczyński wiejska Suszec
39%
cieszyński wiejska Chybie
38%
żywiecki wiejska Czernichów
38%
wodzisławski wiejska Gorzyce
38%
cieszyński wiejska Hażlach
38%
żywiecki wiejska Koszarawa
38%
będziński wiejska Psary
38%
rybnicki wiejska Świerklany
38%
częstochowski wiejska Mstów
37%
tarnogórski wiejska Świerklaniec
37%
bieruńsko-lędziński wiejska Bojszowy
36%
żywiecki wiejska Gilowice
36%
częstochowski wiejska Mykanów
36%
myszkowski wiejska Poraj
36%
cieszyński wiejska Goleszów
35%
częstochowski wiejska Kłomnice
35%
raciborski wiejska Kornowac
35%
kłobucki miejsko-wiejska Krzepice
35%
raciborski wiejska Krzyżanowice
35%
tarnogórski wiejska Ożarowice
35%
gliwicki wiejska Pilchowice
35%
gliwicki wiejska Rudziniec
34%
żywiecki wiejska Świnna
33%
zawierciański miejsko-wiejska Włodowice
33%
cieszyński wiejska Dębowiec
32%
lubliniecki wiejska Herby
32%
rybnicki wiejska Jejkowice
32%
częstochowski wiejska Lelów
32%
będziński wiejska Bobrowniki
31%
częstochowski wiejska Janów
31%
żywiecki wiejska Łękawica
31%
rybnicki wiejska Lyski
31%
pszczyński wiejska Miedźna
31%
wodzisławski wiejska Mszana
31%
częstochowski wiejska Rędziny
31%
tarnogórski wiejska Zbrosławice
31%
rybnicki wiejska Gaszowice
30%
zawierciański wiejska Żarnowiec
30%
lubliniecki wiejska Koszęcin
29%
tarnogórski wiejska Krupski Młyn
29%
wodzisławski wiejska Marklowice
29%
częstochowski wiejska Dąbrowa Zielona
28%
częstochowski wiejska Konopiska
28%
będziński wiejska Mierzęcice
28%
częstochowski miejsko-wiejska Przyrów
28%
kłobucki wiejska Miedźno
27%
raciborski wiejska Pietrowice Wielkie
27%
częstochowski wiejska Poczesna
27%
zawierciański wiejska Kroczyce
26%
lubliniecki wiejska Pawonków
26%
myszkowski wiejska Niegowa
25%
kłobucki wiejska Wręczyca Wielka
25%
lubliniecki wiejska Ciasna
24%
wodzisławski wiejska Godów
24%
lubliniecki wiejska Kochanowice
23%
kłobucki wiejska Przystajń
23%
lubliniecki wiejska Boronów
22%
zawierciański wiejska Irządze
22%
częstochowski wiejska Kamienica Polska
22%
częstochowski wiejska Kruszyna
22%
kłobucki wiejska Popów
22%
częstochowski wiejska Starcza
22%
wodzisławski wiejska Lubomia
21%
kłobucki wiejska Opatów
21%
kłobucki wiejska Panki
20%
kłobucki wiejska Lipie
19%
Nie znaleziono quizów pasujących do podanych kryteriów
Rozkład punktacji
Procent ludzi z każdym wynikiem
Percentyl według liczby udzielonych odpowiedzi
Twoja historia wyników
Nie rozwiązałeś tego quizu